Statistics for Largest Unitary States (Countries) by Category

Click here to take the quiz!

General Stats

  • This quiz has been taken 109 times
  • The average score is 7 of 12

Answer Stats

Country % Correct
China
94%
United Kingdom
79%
France
79%
Japan
75%
Indonesia
68%
Kazakhstan
64%
Italy
60%
Algeria
58%
Democratic Republic of the Congo
58%
Philippines
46%
Bangladesh
30%
Denmark
16%

Score Distribution

Percentile by Number Answered

Percent of People with Each Score

Your Score History

You have not taken this quiz